<?xml version="1.0" encoding="UTF-8"?>
<collection xmlns="http://www.loc.gov/MARC21/slim">
 <record>
  <leader>01314nam a2200217   4500</leader>
  <controlfield tag="001">1/49916</controlfield>
  <controlfield tag="008">980206suuuu    gr       d     001  gre d</controlfield>
  <datafield tag="035" ind1=" " ind2=" ">
   <subfield code="l">21956</subfield>
  </datafield>
  <datafield tag="040" ind1=" " ind2=" ">
   <subfield code="a">GR-PeUP</subfield>
  </datafield>
  <datafield tag="082" ind1="0" ind2="0">
   <subfield code="a">489.3'03 ΥΠ</subfield>
  </datafield>
  <datafield tag="090" ind1=" " ind2=" ">
   <subfield code="a">R 489.3'03 ΥΠ</subfield>
  </datafield>
  <datafield tag="245" ind1="0" ind2="0">
   <subfield code="a">Υπερλεξικό της νεοελληνικής γλώσσας:</subfield>
   <subfield code="b">μονοτονικό, ορθογραφικό, ερμηνευτικό-εννοιολογικό, ετυμολογικό παράγωγων, συνώνυμων, αντίθετων.</subfield>
  </datafield>
  <datafield tag="260" ind1=" " ind2=" ">
   <subfield code="a">Αθήνα:</subfield>
   <subfield code="b">Αφοι Παγουλάτοι</subfield>
  </datafield>
  <datafield tag="300" ind1=" " ind2=" ">
   <subfield code="a">6 τ.;</subfield>
   <subfield code="c">23 εκ.</subfield>
  </datafield>
  <datafield tag="650" ind1=" " ind2="4">
   <subfield code="a">Ελληνική γλώσσα, Νέα</subfield>
   <subfield code="x">Λεξικά.</subfield>
  </datafield>
  <datafield tag="852" ind1=" " ind2=" ">
   <subfield code="a">INST</subfield>
   <subfield code="b">UNIPILB</subfield>
   <subfield code="c">REF</subfield>
   <subfield code="e">20040709</subfield>
   <subfield code="h">489.3'03 ΥΠ</subfield>
   <subfield code="p">00118030</subfield>
   <subfield code="q">00118030</subfield>
   <subfield code="t">NOLOAN</subfield>
   <subfield code="v">τ.1:</subfield>
   <subfield code="y">23</subfield>
   <subfield code="z">τ.1</subfield>
   <subfield code="4">1</subfield>
  </datafield>
  <datafield tag="852" ind1=" " ind2=" ">
   <subfield code="a">INST</subfield>
   <subfield code="b">UNIPILB</subfield>
   <subfield code="c">REF</subfield>
   <subfield code="e">20040709</subfield>
   <subfield code="h">489.3'03 ΥΠ</subfield>
   <subfield code="p">00118031</subfield>
   <subfield code="q">00118031</subfield>
   <subfield code="t">NOLOAN</subfield>
   <subfield code="v">τ.2:</subfield>
   <subfield code="y">23</subfield>
   <subfield code="z">τ.2</subfield>
   <subfield code="4">1</subfield>
  </datafield>
  <datafield tag="852" ind1=" " ind2=" ">
   <subfield code="a">INST</subfield>
   <subfield code="b">UNIPILB</subfield>
   <subfield code="c">REF</subfield>
   <subfield code="e">20040709</subfield>
   <subfield code="h">489.3'03 ΥΠ</subfield>
   <subfield code="p">00118032</subfield>
   <subfield code="q">00118032</subfield>
   <subfield code="t">NOLOAN</subfield>
   <subfield code="v">τ.3:</subfield>
   <subfield code="y">23</subfield>
   <subfield code="z">τ.3</subfield>
   <subfield code="4">1</subfield>
  </datafield>
  <datafield tag="852" ind1=" " ind2=" ">
   <subfield code="a">INST</subfield>
   <subfield code="b">UNIPILB</subfield>
   <subfield code="c">REF</subfield>
   <subfield code="e">20040709</subfield>
   <subfield code="h">489.3'03 ΥΠ</subfield>
   <subfield code="p">00118033</subfield>
   <subfield code="q">00118033</subfield>
   <subfield code="t">NOLOAN</subfield>
   <subfield code="v">τ.4:</subfield>
   <subfield code="y">23</subfield>
   <subfield code="z">τ.4</subfield>
   <subfield code="4">1</subfield>
  </datafield>
  <datafield tag="852" ind1=" " ind2=" ">
   <subfield code="a">INST</subfield>
   <subfield code="b">UNIPILB</subfield>
   <subfield code="c">REF</subfield>
   <subfield code="e">20040709</subfield>
   <subfield code="h">489.3'03 ΥΠ</subfield>
   <subfield code="p">00118034</subfield>
   <subfield code="q">00118034</subfield>
   <subfield code="t">NOLOAN</subfield>
   <subfield code="v">τ.5:</subfield>
   <subfield code="y">23</subfield>
   <subfield code="z">τ.5</subfield>
   <subfield code="4">1</subfield>
  </datafield>
  <datafield tag="852" ind1=" " ind2=" ">
   <subfield code="a">INST</subfield>
   <subfield code="b">UNIPILB</subfield>
   <subfield code="c">REF</subfield>
   <subfield code="e">20040709</subfield>
   <subfield code="h">489.3'03 ΥΠ</subfield>
   <subfield code="p">00118035</subfield>
   <subfield code="q">00118035</subfield>
   <subfield code="t">NOLOAN</subfield>
   <subfield code="v">τ.6:</subfield>
   <subfield code="y">23</subfield>
   <subfield code="z">τ.6</subfield>
   <subfield code="4">1</subfield>
  </datafield>
 </record>
</collection>
